000 00340nam a22001337a 4500
008 250604b |||||||| |||| 00| 0 eng d
050 _aJC 359
_b.N33
100 _aNadel George
245 _aImperialism and colonialism
260 _aNew york
_bMcMillan publishing company
_c1969
300 _a154p
650 _aImperialism
942 _cBK
999 _c3784
_d3784